[Event "Int. Stuttgarter Stadtmeisterschaft C"]
[Site "Ditzingen"]
[Date "2013.05.11"]
[Round "6.10"]
[White "Walliser, Pascal"]
[Black "Albert, Rafael Edwin"]
[Result "1/2-1/2"]
[WhiteElo "1157"]
[BlackElo "1182"]
[PlyCount "29"]
[EventDate "2013.??.??"]
[WhiteTeam "SK Sontheim/Brenz e.V."]
[BlackTeam "SF 59 Kornwestheim"]

1. e4 e5 2. Nf3 Nc6 3. Bc4 Nf6 4. Nc3 Nxe4 5. Nxe4 d5 6. Bxd5 Qxd5 7. Nc3 Qd8
8. d3 Bg4 9. h3 Bh5 10. g4 Bg6 11. Qe2 Bd6 12. a3 O-O 13. Bd2 Re8 14. O-O-O Bc5
15. Ne4 1/2-1/2

[Event "Int. Stuttgarter Stadtmeisterschaft C"]
[Site "Ditzingen"]
[Date "2013.05.11"]
[Round "6.11"]
[White "Winterkorn, Nikolaus"]
[Black "Zacke, Tamara"]
[Result "1-0"]
[WhiteElo "1456"]
[BlackElo "1118"]
[PlyCount "109"]
[EventDate "2013.??.??"]
[WhiteTeam "DJK Sportbund Stuttgart e.V."]
[BlackTeam "SV Stuttgart-Wolfbusch 1956 e.V."]

1. e4 e5 2. Nf3 Nc6 3. Bb5 a6 4. Bxc6 dxc6 5. d3 Bd6 6. Be3 f5 7. exf5 Bxf5 8.
Nbd2 Nf6 9. h3 O-O 10. Bg5 Qe8 11. Nh4 Qe6 12. g4 Qd5 13. Rg1 Be6 14. a3 e4 15.
Bxf6 Rxf6 16. Nxe4 Rh6 17. Nf3 Bf4 18. h4 Bf7 19. g5 Re6 20. Rg4 Qf5 21. Nd4
Rxe4+ 22. dxe4 Qxe4+ 23. Kf1 Qh1+ 24. Rg1 Qh3+ 25. Rg2 Bc4+ 26. Kg1 Qxh4 27.
Nf3 Qh5 28. Qd4 Bd5 29. Qxf4 Bxf3 30. Rh2 Qg4+ 31. Qxg4 Bxg4 32. Rh4 Bf5 33. c3
Kf7 34. Rd4 Re8 35. Rad1 Kg6 36. f4 Bg4 37. R1d2 Re1+ 38. Kf2 Re7 39. Kg3 Kf5
40. Kf2 h6 41. gxh6 gxh6 42. Rd7 Rxd7 43. Rxd7 Kxf4 44. Rxc7 h5 45. Rxb7 h4 46.
Kg1 Kg3 47. c4 h3 48. Rh7 Be2 49. b3 Bd1 50. b4 Bb3 51. Rg7+ Kh4 52. c5 Bc4 53.
Kh2 Be6 54. Ra7 Bc4 55. Rh7+ 1-0

[Event "Int. Stuttgarter Stadtmeisterschaft C"]
[Site "Ditzingen"]
[Date "2013.05.11"]
[Round "6.12"]
[White "Dallinger, Frank"]
[Black "Leykauf, Thomas"]
[Result "0-1"]
[WhiteElo "1105"]
[BlackElo "1380"]
[PlyCount "96"]
[EventDate "2013.??.??"]
[WhiteTeam "SV Stuttgart-Wolfbusch 1956 e.V."]
[BlackTeam "SF HN-Biberach 1978 e.V."]

1. e4 e6 2. d4 d5 3. e5 c5 4. Bb5+ Bd7 5. Bxd7+ Qxd7 6. Nc3 Nc6 7. dxc5 Nxe5 8.
Bf4 Ng6 9. Qd4 Nxf4 10. Qxf4 Bxc5 11. O-O-O Nf6 12. Qg5 O-O 13. f3 Qc6 14. Nge2
Rad8 15. Nd4 Bxd4 16. Rxd4 Rfe8 17. Re1 Qc5 18. Rf4 Qe7 19. Qe5 Nd7 20. Nxd5
Qf8 21. Qc7 exd5 22. Rxe8 Qxe8 23. Qa5 b6 24. Qc3 Qe5 25. Rd4 Nf6 26. f4 Qe6
27. Qc7 Qd7 28. Qc3 Ne4 29. Qe3 h6 30. h3 Re8 31. g4 Nf6 32. Qc3 Re4 33. g5
Rxd4 34. Qxd4 hxg5 35. fxg5 Ne8 36. h4 Qc6 37. b3 f6 38. gxf6 Nxf6 39. c4 dxc4
40. Qd8+ Kh7 41. bxc4 Qh1+ 42. Kc2 Qxh4 43. Qd6 Qe4+ 44. Qd3 Qxd3+ 45. Kxd3 Nd7
46. Kd4 g5 47. Ke3 Nc5 48. Kf3 Kg6 0-1

[Event "Int. Stuttgarter Stadtmeisterschaft C"]
[Site "Ditzingen"]
[Date "2013.05.11"]
[Round "6.13"]
[White "Milarch, Harald"]
[Black "Jüttner, Dennis"]
[Result "1-0"]
[WhiteElo "1326"]
[BlackElo "1064"]
[PlyCount "109"]
[EventDate "2013.??.??"]
[WhiteTeam "SC Schachmatt Botnang"]
[BlackTeam "SpVgg Rommelshausen"]

1. e4 e6 2. d4 d5 3. exd5 exd5 4. Qe2+ Be7 5. Nc3 Nf6 6. Bg5 O-O 7. O-O-O Bf5
8. Nf3 c5 9. dxc5 Bxc5 10. Bxf6 Qxf6 11. Rxd5 Nd7 12. Qb5 Rad8 13. Rxd7 Rxd7
14. Qxc5 Rfd8 15. Bb5 Rd6 16. Re1 b6 17. Qe5 Qxe5 18. Rxe5 Bd7 19. Bxd7 R6xd7
20. Ne1 f6 21. Re3 b5 22. Nd3 a6 23. Ne4 f5 24. Nec5 Rd5 25. a3 a5 26. Re6 b4
27. a4 b3 28. Nxb3 Rc8 29. Kb1 Rc4 30. Nbc5 Rg4 31. g3 h5 32. Ra6 h4 33. Rxa5
hxg3 34. hxg3 Kh7 35. Nb3 Rxa5 36. Nxa5 Kg8 37. b3 Rd4 38. Kb2 Kf8 39. Nc6 Rd6
40. Nce5 Ke7 41. b4 Rd5 42. c4 Rd6 43. Kc3 Rh6 44. b5 Rh1 45. a5 Kd8 46. a6 Kc8
47. Kb4 Rb1+ 48. Kc5 Kc7 49. Nc6 Rb3 50. Ncb4 Ra3 51. b6+ Kb8 52. Kb5 Ka8 53.
c5 g5 54. c6 Rc3 55. c7 1-0

[Event "Int. Stuttgarter Stadtmeisterschaft C"]
[Site "Ditzingen"]
[Date "2013.05.11"]
[Round "6.14"]
[White "Hauger, Albrecht"]
[Black "Castiglione, David"]
[Result "1-0"]
[WhiteElo "1018"]
[BlackElo "1116"]
[PlyCount "49"]
[EventDate "2013.??.??"]
[WhiteTeam "SC Schachmatt Botnang"]
[BlackTeam "SC Ingersheim e.V."]

1. d4 d5 2. e3 Nf6 3. c4 c6 4. Nc3 e6 5. a3 Nbd7 6. Nf3 Be7 7. Qc2 g6 8. e4
dxe4 9. Nxe4 Nxe4 10. Qxe4 Nf6 11. Qd3 c5 12. dxc5 Qa5+ 13. b4 Qc7 14. Bh6 a5
15. Qc3 b6 16. Bg7 Rg8 17. Bxf6 Bxf6 18. Qxf6 axb4 19. axb4 Rxa1+ 20. Qxa1 bxc5
21. Qe5 Qd8 22. Qxc5 f5 23. Be2 Rg7 24. Ne5 Qg5 25. Qxc8+ 1-0

[Event "Int. Stuttgarter Stadtmeisterschaft C"]
[Site "Ditzingen"]
[Date "2013.05.11"]
[Round "6.15"]
[White "Afonso, Nils"]
[Black "Mackeprang, Jelena"]
[Result "0-1"]
[WhiteElo "993"]
[BlackElo "1094"]
[PlyCount "172"]
[EventDate "2013.??.??"]
[WhiteTeam "SF 59 Kornwestheim"]
[BlackTeam "SK Schmiden/Cannstatt"]

1. e4 e5 2. Nf3 Nf6 3. Nxe5 d6 4. Nf3 Nxe4 5. d3 Nf6 6. Bg5 Be7 7. Bxf6 Bxf6 8.
g3 O-O 9. Nc3 Bg4 10. Bg2 Re8+ 11. Ne4 d5 12. O-O dxe4 13. dxe4 Rxe4 14. Qxd8+
Bxd8 15. Ng5 Bxg5 16. Bxe4 c6 17. Rfe1 Bd2 18. Rf1 Be2 19. Rfe1 Bxe1 20. Rxe1
Bb5 21. Bd3 Nd7 22. Bxb5 cxb5 23. Re7 Rd8 24. Kg2 Kf8 25. Re3 Re8 26. Rd3 Ne5
27. Rd5 b4 28. Rb5 b6 29. Rxb4 Rd8 30. Rb5 Ng4 31. h3 Nf6 32. Rb3 Ne4 33. Ra3
a5 34. Kf3 Nd2+ 35. Ke2 Nc4 36. Rb3 a4 37. Rb4 Rc8 38. Rxa4 Nxb2 39. Rb4 Rxc2+
40. Kf3 Rc3+ 41. Kg2 Nc4 42. Ra4 Ke7 43. Ra7+ Ke6 44. f4 h6 45. f5+ Kxf5 46.
Rxf7+ Kg6 47. Rf4 Ne3+ 48. Kf2 Nd1+ 49. Ke2 Nb2 50. Rg4+ Kh7 51. Kd2 Ra3 52.
Rb4 Rxa2 53. Kc3 Nd1+ 54. Kc4 Rc2+ 55. Kd5 Rb2 56. Rd4 Rb1 57. g4 Kg6 58. h4
Ne3+ 59. Ke6 b5 60. Ke7 b4 61. Kf8 Kf6 62. Re4 Nd5 63. g5+ hxg5 64. hxg5+ Kf5
65. Re8 Nc7 66. Re7 Ne6+ 67. Kg8 Nxg5 68. Kxg7 b3 69. Rb7 Ne6+ 70. Kf7 Nd4 71.
Rd7 Ke4 72. Re7+ Kd3 73. Ke8 b2 74. Rb7 Re1+ 75. Kd8 b1=Q 76. Rxb1 Rxb1 77. Kd7
Rh1 78. Kd6 Rh5 79. Ke7 Rh6 80. Kf7 Ke4 81. Ke7 Kf5 82. Kd7 Ke5 83. Kc7 Kd5 84.
Kb7 Nb5 85. Ka8 Rh7 86. Kb8 Kc6 0-1

[Event "Int. Stuttgarter Stadtmeisterschaft C"]
[Site "Ditzingen"]
[Date "2013.05.11"]
[Round "6.16"]
[White "Reichmann, Bernd"]
[Black "Ungerer, Tobias"]
[Result "1-0"]
[WhiteElo "1137"]
[BlackElo "914"]
[PlyCount "65"]
[EventDate "2013.??.??"]
[WhiteTeam "SV Fellbach"]
[BlackTeam "Schach-Kids Bernhausen e.V."]

1. e4 e5 2. Nf3 Nc6 3. Bb5 a6 4. Bxc6 dxc6 5. h3 Bd6 6. d3 h6 7. b3 Bc5 8. Bb2
Qf6 9. Bxe5 Qg6 10. Rg1 Nf6 11. Bxc7 Nh5 12. c3 Ng3 13. Bxg3 a5 14. Nbd2 Ba3
15. Nc4 Bc5 16. Qc2 Bf5 17. exf5 Qxf5 18. O-O-O O-O 19. d4 Qh5 20. dxc5 b5 21.
Bd6 Rfe8 22. Nce5 a4 23. b4 f6 24. Nxc6 Rac8 25. Ne7+ Kh8 26. Nxc8 Rxc8 27.
Rde1 Rd8 28. Re3 Rd7 29. Rge1 g6 30. Re8+ Kh7 31. R1e7+ Rxe7 32. Rxe7+ Kh8 33.
Qe4 1-0

[Event "Int. Stuttgarter Stadtmeisterschaft C"]
[Site "Ditzingen"]
[Date "2013.05.11"]
[Round "6.17"]
[White "Kobald, Pierre"]
[Black "Leutschaft, Jonathan"]
[Result "0-1"]
[WhiteElo "1075"]
[BlackElo "741"]
[PlyCount "34"]
[EventDate "2013.??.??"]
[WhiteTeam "SV Stuttgart-Wolfbusch 1956 e.V."]
[BlackTeam "SF 59 Kornwestheim"]

1. e4 e5 2. Nf3 Nc6 3. d4 exd4 4. Nxd4 Nxd4 5. Qxd4 b6 6. Bc4 Bc5 7. Qxg7 Qf6
8. Qxf6 Nxf6 9. O-O Nxe4 10. Kh1 Nxf2+ 11. Kg1 Nd3+ 12. Kh1 Ne5 13. Bb3 Bb7 14.
Nc3 Rg8 15. Ne4 O-O-O 16. Be3 Bxe4 17. Rf5 Bxg2+ 0-1

[Event "Int. Stuttgarter Stadtmeisterschaft C"]
[Site "Ditzingen"]
[Date "2013.05.11"]
[Round "6.18"]
[White "Klein, Werner"]
[Black "Günther, Niclas"]
[Result "1-0"]
[WhiteElo "1043"]
[BlackElo "728"]
[PlyCount "63"]
[EventDate "2013.??.??"]
[WhiteTeam "SV Stuttgart-Wolfbusch 1956 e.V."]
[BlackTeam "SF Freiberg"]

1. e4 e5 2. Nf3 d6 3. h3 Nc6 4. Bc4 Qf6 5. d3 Be6 6. Bg5 Qg6 7. Bxe6 fxe6 8.
O-O Nd4 9. Be3 Nxf3+ 10. Qxf3 Ne7 11. Nd2 c6 12. Qe2 d5 13. d4 dxe4 14. dxe5
Nf5 15. Nxe4 Nh4 16. f3 b6 17. Rad1 Bc5 18. Bxc5 bxc5 19. Nd6+ Kf8 20. Rf2 Rd8
21. Ne4 Rxd1+ 22. Qxd1 Ke7 23. Qd6+ Kf7 24. Qd7+ Kg8 25. Qd8+ Kf7 26. Qxh8 Qf5
27. Nd6+ Kg6 28. Nxf5 Kxf5 29. Qf8+ Kxe5 30. f4+ Ke4 31. Qxc5 h5 32. Qe5# 1-0

[Event "Int. Stuttgarter Stadtmeisterschaft C"]
[Site "Ditzingen"]
[Date "2013.05.11"]
[Round "6.20"]
[White "Finkbeiner, Alina"]
[Black "Fischer, Robert"]
[Result "0-1"]
[WhiteElo "981"]
[BlackElo "1013"]
[PlyCount "52"]
[EventDate "2013.??.??"]
[WhiteTeam "SV Stuttgart-Wolfbusch 1956 e.V."]
[BlackTeam "TSG Steinheim"]

1. e4 c5 2. Nf3 d6 3. Nc3 Nc6 4. Bb5 Bd7 5. Bxc6 Bxc6 6. d3 Nf6 7. Be3 Ng4 8.
Qe2 g6 9. d4 Nxe3 10. Qxe3 Qb6 11. O-O-O Bg7 12. d5 Bd7 13. Ng5 Bh6 14. f4 f6
15. Ne6 Bxe6 16. dxe6 O-O-O 17. Nd5 Qa5 18. Nxe7+ Kb8 19. Kb1 Rhe8 20. Qh3 Bxf4
21. Qxh7 Rh8 22. Qxg6 Be5 23. Nd5 Qb5 24. c3 Rdg8 25. Qf7 Rxg2 26. b3 Qe2 0-1

[Event "Int. Stuttgarter Stadtmeisterschaft C"]
[Site "Ditzingen"]
[Date "2013.05.11"]
[Round "6.21"]
[White "Grimm, Ferdinand"]
[Black "Lehmann, Felix"]
[Result "1/2-1/2"]
[WhiteElo "842"]
[BlackElo "775"]
[PlyCount "72"]
[EventDate "2013.??.??"]
[WhiteTeam "SC Gross-Sachsenheim"]
[BlackTeam "SF Freiberg"]

1. d4 d5 2. c4 Nf6 3. Nf3 e6 4. Nc3 Bd6 5. cxd5 Nxd5 6. Bd2 Nc6 7. e3 e5 8. Bc4
Nxc3 9. Bxc3 Bb4 10. Bb5 Bxc3+ 11. bxc3 exd4 12. Nxd4 Bd7 13. Nxc6 Bxc6 14.
Bxc6+ bxc6 15. Qf3 Qd5 16. Qg4 O-O 17. O-O Qc5 18. Rfc1 Rfe8 19. Qd7 Qd6 20.
Qxd6 cxd6 21. Rd1 d5 22. Rd4 Re4 23. Re1 Rxd4 24. exd4 g6 25. Re7 Rb8 26. h3 a6
27. Rc7 Rb6 28. Ra7 Rb1+ 29. Kh2 Rc1 30. a4 Rxc3 31. Rxa6 c5 32. dxc5 Rxc5 33.
Rd6 Ra5 34. Kg3 Kf8 35. Kf4 Rxa4+ 36. Ke5 Ra2 1/2-1/2

[Event "Int. Stuttgarter Stadtmeisterschaft C"]
[Site "Ditzingen"]
[Date "2013.05.11"]
[Round "6.24"]
[White "Pillin, Josef"]
[Black "Reichardt, Felix  Alexander"]
[Result "1/2-1/2"]
[WhiteElo "828"]
[BlackElo "690"]
[PlyCount "64"]
[EventDate "2013.??.??"]
[WhiteTeam "SSV Zuffenhausen"]
[BlackTeam "SF Markgräflerland e."]

1. e4 e6 2. d4 d5 3. e5 c5 4. c3 Nc6 5. Nf3 Qb6 6. g3 Nge7 7. Nbd2 Nf5 8. Nb3
a5 9. a4 Qa7 10. Bb5 c4 11. Nbd2 g6 12. g4 Nfxd4 13. cxd4 Bb4 14. O-O O-O 15.
Bxc6 bxc6 16. Rb1 f5 17. b3 fxg4 18. Ng5 h6 19. bxc4 Rb8 20. cxd5 cxd5 21. Qxg4
h5 22. Qd1 Qxd4 23. Ba3 Bd7 24. Bb2 Qxd2 25. Qxd2 Bxd2 26. Ba3 Bb4 27. Bxb4
axb4 28. a5 Ra8 29. Ra1 b3 30. a6 b2 31. Ra2 Rf5 32. Nh3 Bb5 1/2-1/2

[Event "Int. Stuttgarter Stadtmeisterschaft C"]
[Site "Ditzingen"]
[Date "2013.05.12"]
[Round "7.1"]
[White "Bauer, Frank"]
[Black "Schwarz, Manuel"]
[Result "1/2-1/2"]
[WhiteElo "1304"]
[BlackElo "1200"]
[PlyCount "89"]
[EventDate "2013.??.??"]
[WhiteTeam "SC Feuerbach e. V."]
[BlackTeam "SVG Vaihingen/Enz"]

1. d4 Nf6 2. c4 g6 3. f3 d5 4. cxd5 Nxd5 5. e4 Nb6 6. Nc3 Bg7 7. Be3 e5 8. d5
O-O 9. Qd2 N8d7 10. h4 Nf6 11. g4 Nxg4 12. fxg4 Bxg4 13. Be2 Bd7 14. O-O-O f5
15. Bh6 fxe4 16. Bxg7 Kxg7 17. h5 g5 18. h6+ Kh8 19. Nh3 Bxh3 20. Rxh3 Rf4 21.
Rg1 Nd7 22. Rhg3 Qf6 23. Rxg5 Nc5 24. b4 Nd3+ 25. Bxd3 exd3 26. Qxd3 e4 27. Qe3
Rf3 28. Qxe4 Qxc3+ 29. Kb1 Rf2 30. Qe5+ Qxe5 31. Rxe5 Rf6 32. Re6 Raf8 33. Rxf6
Rxf6 34. Re1 Rxh6 35. Re7 Rd6 36. Rxc7 Rxd5 37. Rxb7 a6 38. a4 Rd6 39. Kc2 h5
40. b5 axb5 41. axb5 h4 42. b6 h3 43. Rb8+ Kg7 44. Rb7+ Kg6 45. Rb8 1/2-1/2

[Event "Int. Stuttgarter Stadtmeisterschaft C"]
[Site "Ditzingen"]
[Date "2013.05.12"]
[Round "7.2"]
[White "Wasielewski, Kim-Luca"]
[Black "Fink, Konstantin"]
[Result "1-0"]
[WhiteElo "1420"]
[BlackElo "1289"]
[PlyCount "124"]
[EventDate "2013.??.??"]
[WhiteTeam "Heilbronner SV"]
[BlackTeam "SC Lechhausen"]

1. e4 e5 2. Nf3 Nc6 3. Bc4 Bc5 4. b4 Bxb4 5. c3 Be7 6. d4 d6 7. Qb3 Na5 8.
Bxf7+ Kf8 9. Qa4 Kxf7 10. Qxa5 Be6 11. dxe5 c6 12. Qxd8 Rxd8 13. O-O h6 14. Rd1
dxe5 15. Rxd8 Bxd8 16. Nxe5+ Kf6 17. Bf4 g5 18. Bg3 h5 19. Nd3 Rh7 20. Be5+ Ke7
21. Nd2 Bc8 22. Nc5 b6 23. Ncb3 Ke6 24. Bd4 c5 25. Be3 Bf6 26. Rc1 Rd7 27. Nf3
g4 28. Ne1 Bb7 29. f3 gxf3 30. gxf3 Rg7+ 31. Kf1 Ba6+ 32. c4 Ne7 33. Nd3 Ng6
34. Nbxc5+ bxc5 35. Nxc5+ Ke5 36. Nxa6 Nf4 37. Bxf4+ Kxf4 38. c5 Kxf3 39. Rc2
Bd4 40. Ke1 Rg1+ 41. Kd2 Rg2+ 42. Kd3 Rxc2 43. Kxc2 Kxe4 44. c6 Be5 45. c7 Bxc7
46. Nxc7 Kf3 47. Kd2 Kf2 48. Ne6 Kf3 49. Ke1 Kg2 50. Nf4+ Kxh2 51. Nxh5 Kh3 52.
Kd2 Kg4 53. Ng7 Kf4 54. Kc3 Ke5 55. Kb4 Kd4 56. Kb5 Kd5 57. a4 Kd6 58. Ka6 Kc5
59. a5 Kb4 60. Ne6 Ka4 61. Nd4 Kb4 62. Nc6+ Kc5 1-0

[Event "Int. Stuttgarter Stadtmeisterschaft C"]
[Site "Ditzingen"]
[Date "2013.05.12"]
[Round "7.3"]
[White "Günay, Nuri"]
[Black "Malheur, Lothar"]
[Result "1-0"]
[WhiteElo "1253"]
[BlackElo "1280"]
[PlyCount "69"]
[EventDate "2013.??.??"]
[WhiteTeam "SC Gross-Sachsenheim"]
[BlackTeam "SF Birkenfeld"]

1. d4 Nf6 2. Nc3 g6 3. Bg5 Bg7 4. Nf3 O-O 5. e4 d6 6. h3 Nbd7 7. Bc4 Nb6 8. Bb3
Nbd7 9. O-O c6 10. Re1 Qa5 11. e5 dxe5 12. dxe5 Nd5 13. Nxd5 cxd5 14. Bxe7 Re8
15. Bd6 Nb6 16. Bc7 Bf5 17. Bxb6 Qxb6 18. Qxd5 Be6 19. Qd3 Red8 20. Qe3 Qxe3
21. Rxe3 Bh6 22. Rc3 Bd7 23. Rc7 Bf4 24. Rxb7 Be8 25. e6 fxe6 26. Bxe6+ Kf8 27.
Rxh7 Rd6 28. Bg4 Rad8 29. g3 Bd2 30. Rxa7 Bb4 31. Ng5 Bc5 32. Rh7 Rf6 33. Ne4
Bxf2+ 34. Nxf2 Rd2 35. Ne4 1-0

[Event "Int. Stuttgarter Stadtmeisterschaft C"]
[Site "Ditzingen"]
[Date "2013.05.12"]
[Round "7.4"]
[White "Thomas, Leonhard"]
[Black "Jelisavac, Nenad"]
[Result "1/2-1/2"]
[WhiteElo "1445"]
[BlackElo "1390"]
[PlyCount "46"]
[EventDate "2013.??.??"]
[WhiteTeam "SV Fellbach"]
[BlackTeam "SK Sieker Bielefeld"]

1. e4 c5 2. Nc3 d6 3. h3 g6 4. Bb5+ Bd7 5. Bxd7+ Nxd7 6. b3 Bg7 7. Bb2 b5 8.
Rb1 b4 9. Na4 Bxb2 10. Nxb2 Nb6 11. d3 Nf6 12. Nf3 a5 13. O-O O-O 14. Re1 e5
15. Nd2 Nfd7 16. Ndc4 Nxc4 17. Nxc4 Nb6 18. Nxb6 Qxb6 19. Ra1 a4 20. Qd2 Ra7
21. Reb1 Rfa8 22. Qc1 Qc6 23. c4 Qb6 1/2-1/2

[Event "Int. Stuttgarter Stadtmeisterschaft C"]
[Site "Ditzingen"]
[Date "2013.05.12"]
[Round "7.5"]
[White "Fais, Sami"]
[Black "Erben, Katrin"]
[Result "0-1"]
[WhiteElo "1413"]
[BlackElo "1272"]
[PlyCount "43"]
[EventDate "2013.??.??"]
[WhiteTeam "VfL Sindelfingen"]
[BlackTeam "SV Stuttgart-Wolfbusch 1956 e.V."]

1. d4 d5 2. c4 e6 3. Nc3 Nf6 4. Nf3 Bb4 5. Qa4+ Nc6 6. Ne5 Bxc3+ 7. bxc3 Bd7 8.
Nxd7 Qxd7 9. cxd5 exd5 10. e3 a6 11. Ba3 Qf5 12. Bb5 Kd7 13. Bxc6+ bxc6 14. O-O
Rhb8 15. Rac1 Rb7 16. c4 h6 17. cxd5 Qxd5 18. Rc5 Qe4 19. Re5 Qd3 20. Re7+ Kc8
21. Qxc6 Qxa3 22. Re8+ 0-1

[Event "Int. Stuttgarter Stadtmeisterschaft C"]
[Site "Ditzingen"]
[Date "2013.05.12"]
[Round "7.6"]
[White "Giebler, Kai"]
[Black "Winterkorn, Nikolaus"]
[Result "1/2-1/2"]
[WhiteElo "1220"]
[BlackElo "1456"]
[PlyCount "115"]
[EventDate "2013.??.??"]
[WhiteTeam "TSF Ditzingen"]
[BlackTeam "DJK Sportbund Stuttgart e.V."]

1. e4 d6 2. d4 Nf6 3. Nc3 b6 4. Nf3 Bg4 5. Be2 Nbd7 6. Be3 e6 7. Qd2 Be7 8. h3
Bxf3 9. Bxf3 e5 10. d5 h6 11. Be2 O-O 12. O-O Nh7 13. Bg4 Bg5 14. Ne2 Bxe3 15.
Qxe3 Nhf6 16. Bf3 Nh7 17. Ng3 Nhf6 18. Nh5 Nxh5 19. Bxh5 Qh4 20. Bg4 Qe7 21.
Rad1 Nf6 22. Bf3 Nd7 23. b3 a5 24. a4 Nc5 25. Be2 Qh4 26. Bg4 Qe7 27. Rfe1 Kh8
28. Bf5 Ra7 29. Kh1 Rfa8 30. c4 Qh4 31. Bg4 Kg8 32. Kg1 Qe7 33. Rb1 Qf8 34. Kh1
g6 35. Kg1 Qg7 36. Bf3 Rf8 37. Bd1 f6 38. f3 Rf7 39. Rf1 Ra8 40. Bc2 Raf8 41.
Kh1 Kh8 42. Rf2 Na6 43. Rbf1 Nc5 44. Kh2 Na6 45. Kh1 Nb4 46. Bb1 Rb8 47. Kg1
Kh7 48. Kh1 Qf8 49. Kg1 Kg7 50. Kh1 c6 51. Kg1 Rc7 52. Qe2 Na6 53. Kh1 Nb4 54.
Kg1 cxd5 55. exd5 Na6 56. Kh1 Nc5 57. Bc2 Re8 58. Qe1 1/2-1/2

[Event "Int. Stuttgarter Stadtmeisterschaft C"]
[Site "Ditzingen"]
[Date "2013.05.12"]
[Round "7.7"]
[White "Leykauf, Thomas"]
[Black "Walliser, Pascal"]
[Result "1/2-1/2"]
[WhiteElo "1380"]
[BlackElo "1157"]
[PlyCount "67"]
[EventDate "2013.??.??"]
[WhiteTeam "SF HN-Biberach 1978 e.V."]
[BlackTeam "SK Sontheim/Brenz e.V."]

1. e4 e5 2. f4 d6 3. Nf3 Nc6 4. Bb5 Bd7 5. Nc3 Nf6 6. d3 Nd4 7. Bc4 Bg4 8. O-O
Bxf3 9. gxf3 c6 10. fxe5 dxe5 11. f4 exf4 12. Bxf4 Bc5 13. Kh1 Ne6 14. Bg3 b5
15. Bb3 O-O 16. Bh4 Be7 17. Rg1 Nd7 18. Bxe7 Qxe7 19. Qd2 Qh4 20. Raf1 Rae8 21.
Bxe6 fxe6 22. Rxf8+ Rxf8 23. Qe3 Rf2 24. Rg2 Rf1+ 25. Rg1 Rxg1+ 26. Qxg1 Qf4
27. Ne2 Qd2 28. Nd4 e5 29. Nxc6 Qxc2 30. Nxa7 Qxd3 31. Qe1 Nf6 32. Nc6 Nxe4 33.
Nxe5 Qd5 34. Nf3 1/2-1/2

[Event "Int. Stuttgarter Stadtmeisterschaft C"]
[Site "Ditzingen"]
[Date "2013.05.12"]
[Round "7.8"]
[White "Stegmiller, Dennis"]
[Black "Jüttner, Mark"]
[Result "0-1"]
[WhiteElo "1254"]
[BlackElo "1376"]
[PlyCount "100"]
[EventDate "2013.??.??"]
[WhiteTeam "TSF Ditzingen"]
[BlackTeam "SpVgg Rommelshausen"]

1. c4 e6 2. Nc3 d5 3. Nf3 c5 4. e3 Nc6 5. d4 Nf6 6. Be2 b6 7. Rb1 Be7 8. a3 a5
9. Nb5 Ne4 10. Nc3 Bh4 11. g3 Bf6 12. Qd3 Nd6 13. cxd5 c4 14. Qd2 exd5 15. Nxd5
Ne4 16. Nxf6+ Qxf6 17. Qc2 Nd6 18. b3 Bf5 19. Qb2 Bxb1 20. Qxb1 O-O 21. Bb2 Ne7
22. Ne5 Nb7 23. Nd7 Qc6 24. Nxf8 Qxh1+ 25. Bf1 Kxf8 26. Qxh7 c3 27. Qh8+ Ng8
28. Bxc3 Rc8 29. Bd2 Nd6 30. Ke2 Ne4 31. Qh4 Nxd2 32. Bh3 Qf3+ 33. Kxd2 Qxf2+
34. Kd1 Qc2+ 35. Ke1 Re8 36. Qf4 Qc3+ 37. Kf2 Qd2+ 38. Kf3 Qd1+ 39. Kf2 Qc2+
40. Kf3 Qc6+ 41. Ke2 Qe4 42. Qd6+ Qe7 43. Qf4 Qf6 44. Qc7 Ne7 45. Bg2 Rc8 46.
Qd7 Rc2+ 47. Kd3 Rc8 48. Ke2 Qf5 49. Qd6 Rc2+ 50. Kd1 Qd3+ 0-1

[Event "Int. Stuttgarter Stadtmeisterschaft C"]
[Site "Ditzingen"]
[Date "2013.05.12"]
[Round "7.10"]
[White "Stecher, Oliver"]
[Black "Sax, Leon"]
[Result "1/2-1/2"]
[WhiteElo "1146"]
[BlackElo "1268"]
[PlyCount "21"]
[EventDate "2013.??.??"]
[WhiteTeam "SSV Zuffenhausen"]
[BlackTeam "SC Gross-Sachsenheim"]

1. e4 e6 2. Nf3 d5 3. exd5 exd5 4. d4 Bd6 5. Nc3 Ne7 6. Bd3 Bg4 7. Qe2 Nbc6 8.
Be3 Nb4 9. O-O-O Nxd3+ 10. Rxd3 c6 11. h3 1/2-1/2

[Event "Int. Stuttgarter Stadtmeisterschaft C"]
[Site "Ditzingen"]
[Date "2013.05.12"]
[Round "7.11"]
[White "Albert, Rafael Edwin"]
[Black "Hauger, Albrecht"]
[Result "1/2-1/2"]
[WhiteElo "1182"]
[BlackElo "1018"]
[PlyCount "44"]
[EventDate "2013.??.??"]
[WhiteTeam "SF 59 Kornwestheim"]
[BlackTeam "SC Schachmatt Botnang"]

1. e4 c5 2. Nf3 d6 3. d4 cxd4 4. Nxd4 Nc6 5. Nc3 a6 6. Bc4 e6 7. O-O Nf6 8. Bg5
Be7 9. Re1 O-O 10. Qd2 Nh5 11. Bxe7 Qxe7 12. Rad1 Rd8 13. Be2 Nf6 14. Nxc6 bxc6
15. e5 Nd5 16. Nxd5 exd5 17. exd6 Qxd6 18. Bf3 Bb7 19. h3 Re8 20. c4 Rxe1+ 21.
Rxe1 Rd8 22. Re3 h6 1/2-1/2

[Event "Int. Stuttgarter Stadtmeisterschaft C"]
[Site "Ditzingen"]
[Date "2013.05.12"]
[Round "7.13"]
[White "Leutschaft, Jonathan"]
[Black "Reichmann, Bernd"]
[Result "1-0"]
[WhiteElo "741"]
[BlackElo "1137"]
[PlyCount "113"]
[EventDate "2013.??.??"]
[WhiteTeam "SF 59 Kornwestheim"]
[BlackTeam "SV Fellbach"]

1. e4 e5 2. Nf3 Nc6 3. Bc4 Bc5 4. c3 Nf6 5. d4 exd4 6. cxd4 Bb4+ 7. Bd2 O-O 8.
O-O Nxe4 9. Bxb4 Nxb4 10. Na3 d6 11. Qe1 Nxf2 12. Rxf2 a5 13. Nc2 Nxc2 14. Rxc2
c6 15. d5 c5 16. Qe4 Qf6 17. Bd3 g6 18. Qe3 Bd7 19. Qh6 Qg7 20. Qxg7+ Kxg7 21.
Rf1 f6 22. Re2 Rae8 23. Rfe1 Rxe2 24. Rxe2 Re8 25. Rf2 Re3 26. Bc2 b5 27. b3
Bg4 28. Bd1 Bxf3 29. Bxf3 Re1+ 30. Rf1 Rxf1+ 31. Kxf1 f5 32. Be2 b4 33. Bb5 Kf6
34. Ke2 Ke5 35. Bc4 g5 36. h3 Kd4 37. Kd2 h5 38. Bd3 Ke5 39. Be2 h4 40. Bf3 Kf4
41. Ke2 Kg3 42. Ke3 g4 43. hxg4 fxg4 44. Be4 h3 45. gxh3 gxh3 46. Ke2 h2 47.
Kd3 Kf4 48. Bh1 Ke5 49. Kc4 Kf4 50. Kb5 Ke3 51. Kxa5 Kd3 52. Kb5 Kc2 53. Kc6
Kb2 54. Kxd6 Kxa2 55. Kxc5 Kxb3 56. d6 Ka3 57. d7 1-0

[Event "Int. Stuttgarter Stadtmeisterschaft C"]
[Site "Ditzingen"]
[Date "2013.05.12"]
[Round "7.14"]
[White "Mackeprang, Jelena"]
[Black "Klein, Werner"]
[Result "1/2-1/2"]
[WhiteElo "1094"]
[BlackElo "1043"]
[PlyCount "107"]
[EventDate "2013.??.??"]
[WhiteTeam "SK Schmiden/Cannstatt"]
[BlackTeam "SV Stuttgart-Wolfbusch 1956 e.V."]

1. e4 e5 2. Nf3 Nc6 3. d4 exd4 4. Nxd4 Nge7 5. Nc3 g6 6. Bg5 Bg7 7. Nxc6 bxc6
8. Bc4 O-O 9. O-O Qe8 10. Re1 d6 11. Qd2 Be6 12. Bd3 Rd8 13. Bh6 f5 14. Bxg7
Kxg7 15. e5 d5 16. f4 d4 17. Na4 Nd5 18. Nc5 Rb8 19. Nxe6+ Qxe6 20. Rab1 Ne3
21. c3 c5 22. cxd4 cxd4 23. b3 c5 24. Qa5 Qb6 25. Qxb6 axb6 26. Rbc1 Rbc8 27.
Bc4 Nxc4 28. Rxc4 b5 29. Rc2 c4 30. Rec1 d3 31. Rd2 Rc7 32. bxc4 bxc4 33. Rxd3
cxd3 34. Rxc7+ Kh6 35. Rd7 Ra8 36. Rxd3 Rxa2 37. e6 Re2 38. Rd6 Kg7 39. Kf1 Re4
40. g3 Kf6 41. Kf2 Rxe6 42. Rxe6+ Kxe6 43. Ke3 Kd5 44. h3 h6 45. g4 Ke6 46. Kd4
Kf6 47. Kd5 g5 48. fxg5+ hxg5 49. Kd4 Ke6 50. gxf5+ Kxf5 51. Ke3 Kg6 52. Kf3
Kf5 53. Kg3 Kg6 54. Kg4 1/2-1/2

[Event "Int. Stuttgarter Stadtmeisterschaft C"]
[Site "Ditzingen"]
[Date "2013.05.12"]
[Round "7.15"]
[White "Zacke, Tamara"]
[Black "Dallinger, Frank"]
[Result "1-0"]
[WhiteElo "1118"]
[BlackElo "1105"]
[PlyCount "85"]
[EventDate "2013.??.??"]
[WhiteTeam "SV Stuttgart-Wolfbusch 1956 e.V."]
[BlackTeam "SV Stuttgart-Wolfbusch 1956 e.V."]

1. e4 c5 2. Bc4 e6 3. Nc3 a6 4. a4 Nc6 5. d3 Nf6 6. Ba2 Be7 7. Nge2 O-O 8. f4
d6 9. O-O Qb6 10. Kh1 Qc7 11. Ng3 Nd4 12. f5 e5 13. Bg5 Rb8 14. Bxf6 Bxf6 15.
Nd5 Qd8 16. Nh5 Kh8 17. Qg4 Nxc2 18. Ndxf6 Rg8 19. Nxg8 Qxg8 20. Rac1 Ne3 21.
Qf3 Nxf1 22. Qxf1 g6 23. fxg6 Qxg6 24. Bxf7 Qh6 25. Qe1 Bg4 26. Ng3 Rf8 27. Bd5
b6 28. Rc2 Qf4 29. h3 Qh6 30. Rf2 Kg7 31. Rxf8 Kxf8 32. Nf5 Bxf5 33. exf5 Qf4
34. Be4 b5 35. g3 Qg5 36. Qa5 Qc1+ 37. Kg2 Qxb2+ 38. Kf3 Qb3 39. Qd8+ Kg7 40.
f6+ Kf7 41. Qe7+ Kg8 42. Bxh7+ Kh8 43. Qg7# 1-0